000 00472nam a22001577a 4500
005 20260228121109.0
008 260227b |||||||| |||| 00| 0 eng d
041 _aeng
082 _a510.954 SHU-G
100 _aSHUKLA, KRIPA SHANKAR
_98876
245 _aGANITAPANCAVIMSI-INTRODUCTION, ENGLISH TRANSLATION WITH EDITED SANSKRIT TEXT
260 _aNEW DELHI
_bINDIAN NATIONAL SCIENCE ACADEMY
_c2017
300 _a22;P
650 _aBHARTIYA GYAN PRAMPARA
_98877
942 _cBK
999 _c9052
_d9050